ARRUPE JESUIT UNIVERSITY

CORONAVIRUS -STOP THE SPREAD - CLEAN,DISINFECT,COVER

The balance of consciousness : (Record no. 124127)

MARC details
000 -LEADER
fixed length control field 00929pam a2200253 a 4500
001 - CONTROL NUMBER
control field 1981345
003 - CONTROL NUMBER IDENTIFIER
control field ARRUPE
005 - DATE AND TIME OF LATEST TRANSACTION
control field 20160209144626.0
008 - FIXED-LENGTH DATA ELEMENTS--GENERAL INFORMATION
fixed length control field 891004s1990 pau b s001 0 eng
010 ## - LIBRARY OF CONGRESS CONTROL NUMBER
LC control number 89028559
020 ## - INTERNATIONAL STANDARD BOOK NUMBER
International Standard Book Number 0271006986 (alk. paper) :
Terms of availability $22.50
040 ## - CATALOGING SOURCE
Original cataloging agency DLC
Transcribing agency DLC
Modifying agency DLC
050 00 - LIBRARY OF CONGRESS CALL NUMBER
Classification number B3354.V884
Item number K48 1990
082 00 - DEWEY DECIMAL CLASSIFICATION NUMBER
Classification number 193
Edition number 20
300 ## - PHYSICAL DESCRIPTION
Dimensions 24 cm.
100 1# - MAIN ENTRY--PERSONAL NAME
Personal name Keulman, Kenneth.
9 (RLIN) 22175
245 14 - TITLE STATEMENT
Title The balance of consciousness :
Remainder of title Eric Voegelin's political theory /
Statement of responsibility, etc Kenneth Keulman.
260 ## - PUBLICATION, DISTRIBUTION, ETC. (IMPRINT)
Place of publication, distribution, etc University Park [Pa.] :
Name of publisher, distributor, etc Pennsylvania State University Press,
Date of publication, distribution, etc c1990.
300 ## - PHYSICAL DESCRIPTION
Extent xx, 194 p. ;
504 ## - BIBLIOGRAPHY, ETC. NOTE
Bibliography, etc Includes bibliographical references (p. [175]-189) and indexes.
600 10 - SUBJECT ADDED ENTRY--PERSONAL NAME
Personal name Voegelin, Eric,
Dates associated with a name 1901-1985.
9 (RLIN) 19096
906 ## - LOCAL DATA ELEMENT F, LDF (RLIN)
a 7
b cbc
c orignew
d 1
e ocip
f 19
g y-gencatlg
942 ## - ADDED ENTRY ELEMENTS (KOHA)
Source of classification or shelving scheme Library of Congress Classification
Koha item type Monograph ( Printed materials)
Holdings
Withdrawn status Lost status Source of classification or shelving scheme Damaged status Not for loan Collection code Home library Current library Shelving location Date acquired Total Checkouts Full call number Barcode Date last seen Price effective from Koha item type
    Library of Congress Classification     Main Collection ARRUPE LIBRARY ARRUPE LIBRARY Main Collection 09/02/2016   B3354.V884 K48 1990 46500006203 09/02/2016 09/02/2016 Monograph ( Printed materials)

 

Arrupe Library. PO Box MP320 Mt Pleasant, Harare, Zimbabwe
263 242 745411|librarian@aju.ac.zw